Marketing Management (Record no. 2015)

MARC details
000 -LEADER
fixed length control field 00395nam a22001697a 4500
005 - DATE AND TIME OF LATEST TRANSACTION
control field 20160528100303.0
008 - FIXED-LENGTH DATA ELEMENTS--GENERAL INFORMATION
fixed length control field 160528b xxu||||| |||| 00| 0 eng d
020 ## - INTERNATIONAL STANDARD BOOK NUMBER
ISBN 978-81317-1683-0
041 ## - LANGUAGE CODE
Language code of text/sound track or separate title eng
082 ## - DEWEY DECIMAL CLASSIFICATION NUMBER
Item number 5657
100 ## - MAIN ENTRY--AUTHOR NAME
Personal name Kotler Philip and others
245 ## - TITLE STATEMENT
Title Marketing Management
260 ## - PUBLICATION, DISTRIBUTION, ETC. (IMPRINT)
Name of publisher Pearsons
Year of publication 2009
300 ## - PHYSICAL DESCRIPTION
Number of Pages 647
650 ## - SUBJECT ADDED ENTRY--TOPICAL TERM
Topical Term Management
942 ## - ADDED ENTRY ELEMENTS (KOHA)
Koha item type Books
Holdings
Lost status Damaged status Home library Current library Shelving location Date acquired Cost, normal purchase price Full call number Accession Number Koha item type Collection code
    JRU Library   Shelf - 27- C 28/05/2016 650.00 658.8 5657 Books  
    JRU Library   Shelf - 27- C 28/05/2016 650.00 658.8 5658 Books  
    JRU Library JRU Library SHELF - 69 I 28/05/2016 650.00 658.8 5659 Books MANAGEMENT
    JRU Library   Shelf - 27- C 28/05/2016 650.00 658.8 5660 Books  
    JRU Library JRU Library SHELF - 69 I 28/05/2016 650.00 658.8 5661 Books MANAGEMENT
    JRU Library JRU Library SHELF - 69 H 28/05/2016 650.00 658.8 5662 Books MANAGEMENT
    JRU Library JRU Library SHELF - 69 H 28/05/2016 650.00 658.8 5663 Books MANAGEMENT
    JRU Library JRU Library SHELF-70 I 28/05/2016 650.00 658.8 5664 Books MANAGEMENT
    JRU Library JRU Library SHELF - 69 H 28/05/2016 650.00 658.8 5665 Books MANAGEMENT
    JRU Library JRU Library SHELF - 69 H 28/05/2016 650.00 658.8 5666 Books MANAGEMENT
    JRU Library JRU Library SHELF - 69 H 28/05/2016 650.00 658.8 5667 Books MANAGEMENT
    JRU Library JRU Library SHELF - 69 H 28/05/2016 650.00 658.8 5668 Books MANAGEMENT
    JRU Library JRU Library SHELF - 69 H 28/05/2016 650.00 658.8 5669 Books MANAGEMENT
    JRU Library JRU Library SHELF - 69 H 28/05/2016 650.00 658.8 5670 Books MANAGEMENT
    JRU Library JRU Library SHELF - 69 H 28/05/2016 650.00 658.8 5671 Books MANAGEMENT
    JRU Library JRU Library SHELF - 69 H 28/05/2016 650.00 658.8 5672 Books MANAGEMENT
    JRU Library JRU Library SHELF - 69 H 28/05/2016 650.00 658.8 5673 Books MANAGEMENT